| Tag |
First Indicator |
Second Indicator |
Subfields |
| LEADER |
00000cgm a2200000 i 4500 |
| 001 |
in00005515215 |
| 006 |
m o c |
| 007 |
vz |za|u| |
| 007 |
cr |za|||||||| |
| 008 |
161013r20172014at 005 f o vueng d |
| 005 |
20241105202956.1 |
| 035 |
|
|
|a (OCoLC)ocn968208387
|
| 040 |
|
|
|a UAB
|b eng
|e rda
|e pn
|c UAB
|d OCLCO
|d OCLCQ
|d SGPBL
|d OCLCF
|d OCLCQ
|d INT
|d CEF
|d OCLCQ
|d OCLCA
|d AGL
|d OCLCO
|d OCLCQ
|d OCLCO
|
| 019 |
|
|
|a 1055250118
|a 1057421851
|a 1058268904
|a 1087003392
|a 1316519754
|
| 020 |
|
|
|a 9781473997424
|q (streaming video)
|
| 020 |
|
|
|a 1473997429
|q (streaming video)
|
| 035 |
|
|
|a (OCoLC)968208387
|z (OCoLC)1055250118
|z (OCoLC)1057421851
|z (OCoLC)1058268904
|z (OCoLC)1087003392
|z (OCoLC)1316519754
|
| 041 |
0 |
|
|j eng
|
| 050 |
|
4 |
|a BF39
|
| 070 |
0 |
|
|a BF39
|
| 082 |
0 |
4 |
|a 150.727
|2 23
|
| 049 |
|
|
|a TXAM
|
| 245 |
0 |
0 |
|a Measures of central tendency :
|b mean, median & mode.
|n Part 2.
|
| 264 |
|
1 |
|a Australia :
|b University of Melbourne,
|c [2017]
|
| 264 |
|
4 |
|c ©2014
|
| 300 |
|
|
|a 1 online resource (1 video file (5 min., 4 sec.)) :
|b sound, colour.
|
| 336 |
|
|
|a two-dimensional moving image
|b tdi
|2 rdacontent
|
| 337 |
|
|
|a computer
|b c
|2 rdamedia
|
| 338 |
|
|
|a online resource
|b cr
|2 rdacarrier
|
| 347 |
|
|
|a video file
|2 rda
|
| 490 |
1 |
|
|a Statistics for psychology ;
|v 2
|
| 500 |
|
|
|a Previously issued: 2014.
|
| 511 |
0 |
|
|a Presenter, Daniel Little.
|
| 520 |
8 |
|
|a In part two of his series on statistics for psychology, Professor Daniel Little completes his discussion of central tendency. This segment focuses on skewed and multimodal distributions.
|
| 521 |
|
|
|a Specialized.
|
| 546 |
|
|
|a Closed-captions in English.
|
| 588 |
0 |
|
|a Online resource; title from home page (viewed on October 26, 2016).
|
| 650 |
|
0 |
|a Psychology
|x Statistical methods.
|
| 650 |
|
0 |
|a Psychology
|x Research
|x Statistical methods.
|
| 650 |
|
6 |
|a Psychologie
|x Méthodes statistiques.
|
| 650 |
|
6 |
|a Psychologie
|x Recherche
|x Méthodes statistiques.
|
| 650 |
|
7 |
|a Psychology
|x Statistical methods
|2 fast
|
| 655 |
|
2 |
|a Webcast
|
| 655 |
|
4 |
|a Online media.
|
| 655 |
|
7 |
|a Internet videos
|2 fast
|
| 655 |
|
7 |
|a Nonfiction television programs
|2 fast
|
| 655 |
|
7 |
|a Nonfiction television programs.
|2 lcgft
|
| 655 |
|
7 |
|a Internet videos.
|2 lcgft
|
| 655 |
|
7 |
|a Émissions télévisées autres que de fiction.
|2 rvmgf
|
| 655 |
|
7 |
|a Vidéos sur Internet.
|2 rvmgf
|
| 700 |
1 |
|
|a Little, Daniel,
|e on-screen presenter.
|
| 830 |
|
0 |
|a Statistics for psychology ;
|v 2.
|
| 856 |
4 |
0 |
|u http://proxy.library.tamu.edu/login?url=https://methods.sagepub.com/video/measures-of-central-tendency-mean-median-and-mode-part-2
|z Connect to this streaming video
|t 0
|
| 936 |
|
|
|a BATCHLOAD
|
| 955 |
|
|
|a SAGE Research Methods Videos 2020
|
| 994 |
|
|
|a 92
|b TXA
|
| 999 |
f |
f |
|s ea09aedd-8e93-46be-9826-fc99fa5bfe05
|i 30f32fff-339d-4fd5-b349-a5235f8bfaac
|t 0
|
| 952 |
f |
f |
|a Texas A&M University
|b College Station
|c Electronic Resources
|d Available Online
|t 0
|e BF39
|h Library of Congress classification
|
| 998 |
f |
f |
|a BF39
|t 0
|l Available Online
|